Mathematical Models and Applications with Emphasis on the Social, Life and Management Science /

Salvato in:
Dettagli Bibliografici
Autore principale: Maki, Daniel P.
Altri autori: Thompson, Maynard
Natura: Sách giấy
Lingua:English
Pubblicazione: Englewood Cliffs, New Jersey : Prentice-Hall, 1973
Tags: Aggiungi Tag
Nessun Tag, puoi essere il primo ad aggiungerne! !
Thư viện lưu trữ: Thư viện Trường Đại học Đà Lạt
LEADER 00697nam a2200253 4500
001 DLU020000329
005 ##12/15/1998
020 # # |a 0-13-561670-0 
041 # # |a eng 
082 # # |a 511.8  |b MA-D 
100 # # |a Maki, Daniel P. 
245 # # |a Mathematical Models and Applications with Emphasis on the Social, Life and Management Science /  |c Daniel P. Maki, Maynard Thompson 
260 # # |a Englewood Cliffs, New Jersey :  |b Prentice-Hall,  |c 1973 
300 # # |a I, 492 tr.;  |c 22 cm. 
700 # # |a Thompson, Maynard 
992 # # |a 12000 
994 # # |a DLU 
900 # # |a False 
911 # # |a Administrator 
925 # # |a G 
926 # # |a A 
927 # # |a SH 
980 # # |a Thư viện Trường Đại học Đà Lạt